000 00622nam a2200205 a 4500
005 20250528063826.0
008 040225s2002 mx r 000 0 spa d
020 _a8474916658
035 _aUPN01000132176
049 _aCG
050 4 _aQH437
_bG4.5
245 0 3 _aEl genoma humano /
_ccoord. Jean-Francois Mattei ; tr. Miguel Angel Sáez García.
260 _aMadrid :
_bComplutense,
_cc2002.
300 _a212 p.
440 3 _aLa mirada de la ciencia
534 _pTraducción de:
_tEthical eye : the human genome
650 2 _aGenoma humano
_915264
700 1 _aMattei, Jean-Francois,
_ecoord.
905 _aLibro
999 _c104331
_d104331